=LDR 00000nam 2200000 4500 =001 INLIS000000000034230 =990 ##$$a 01201436180 =005 20150309105737.0 =990 ##$$a 0001/BPAP-NTB/20142015 =006 =990 ##$$a 0001/BPAP-NTB/20142015 =007 =990 ##$$a 0001/BPAP-NTB/20142015 =008 ind =035 ##$$0010-061300000034230 =041 ##$$a ind =082 ##$$a 664. 726 =090 ##$$a 664. 726, Sit c =100 ##$$a Siti Tasu'ah S. As =245 ##$$a Cara mudah membuat tahu dan tempe, oleh Siti Tasu'ah S. As =260 ##$$a 2007 $b Jakarta =300 ##$$a ii, 52 hlm, ilus, 21 cm =650 ##$$a Tahu =850 ##$$a NBPNMAT =990 ##$$a 0001/BPAP-NTB/20142015 =990 ##$$a 0001/BPAP-NTB/20142015 =990 ##$$a 3618036180 =990 ##$$a 01201436180 =990 ##$$a 0001/BPAP-NTB/20142015 =990 ##$$a 0001/BPAP-NTB/20142015 =990 ##$$a 0001/BPAP-NTB/20142015